Science with a smile: an anthology

Gardado en:
Detalles Bibliográficos
Autor Principal: Weber, Robert L (Author)
Formato: Libro
Idioma:inglés
Publicado: Bristol Institute of physics 1992
Edición:1a. ed
Subjects:
Tags: Engadir etiqueta
Sen Etiquetas, Sexa o primeiro en etiquetar este rexistro!

MARC

LEADER 00000cam a2200000 a 4500
001 UCE3912
003 CL-VaPUC
008 141003e19920000uk |||||||||||||||||eng|d
020 |a 0750302119 
082 0 4 |a 500.0207  |b WEB  |2 21 
100 0 |a Weber, Robert L  |e author  |9 576436 
245 1 0 |a Science with a smile: an anthology 
250 |a 1a. ed 
300 |a 452 p 
942 |c BK 
945 |d 20141003 14:17:00  |a arojas 
260 |a Bristol  |b Institute of physics  |c 1992 
650 0 |a Ciencia  |9 255691 
650 7 |a HUMOR  |2 CL-VaPUC  |9 337105 
650 0 |a Anécdotas  |9 313436 
583 |a last modification  |c 20141003 14:17:00  |k Rodrigo Vera 
999 |c 357029  |d 357027 
952 |0 0  |1 0  |3 erd  |4 0  |6 500_020700000000000_WEB_1992  |7 0  |8 A  |9 464836  |a BIBCUR  |b BIBCUR  |i 5116260  |o 500.0207 WEB 1992  |p 5116260  |r 2025-04-22  |w 2019-11-23  |y BK  |z Catalogado en:20141003  |k BCB